[Event "HUN-chT2 Toth 2324"]
[Site "Hungary"]
[Date "2024.03.03"]
[Round "5.6"]
[White "Karsai, Istvan"]
[Black "Lovas, Daniel"]
[Result "1/2-1/2"]
[WhiteElo "1984"]
[BlackElo "2002"]
[PlyCount "20"]
[EventDate "2023.10.08"]
[EventType "team-tourn"]
[EventRounds "9"]
[EventCountry "HUN"]
[SourceTitle "EXT 2025"]
[Source "ChessBase"]
[SourceDate "2024.10.14"]
[SourceVersion "1"]
[SourceVersionDate "2024.10.14"]
[SourceQuality "1"]
[WhiteTeam "Felegyhaza Csongrad"]
[BlackTeam "Egyetem Neumann"]
[WhiteTeamCountry "HUN"]
[BlackTeamCountry "HUN"]

1. e4 d6 2. Nc3 g6 3. d4 Bg7 4. Be3 Nf6 5. Be2 0-0 6. g4 Nfd7 7. h4 c5 8. h5 Nc6 9. Nf3 cxd4 10. Nxd4 Nde5 1/2-1/2

[Event "HUN-chT2 Toth 2324"]
[Site "Hungary"]
[Date "2024.02.18"]
[Round "4.7"]
[White "Karsai, Istvan"]
[Black "Balassy, Gabor"]
[Result "1/2-1/2"]
[WhiteElo "1984"]
[BlackElo "1864"]
[PlyCount "132"]
[EventDate "2023.10.08"]
[EventType "team-tourn"]
[EventRounds "9"]
[EventCountry "HUN"]
[SourceTitle "EXT 2025"]
[Source "ChessBase"]
[SourceDate "2024.10.14"]
[SourceVersion "1"]
[SourceVersionDate "2024.10.14"]
[SourceQuality "1"]
[WhiteTeam "Felegyhaza Csongrad"]
[BlackTeam "Mako Duocor II"]
[WhiteTeamCountry "HUN"]
[BlackTeamCountry "HUN"]

1. e4 c6 2. Nc3 d5 3. Nf3 dxe4 4. Nxe4 Nf6 5. Ng3 g6 6. d4 Bg7 7. Be2 Nbd7 8. 0-0 0-0 9. h3 Qc7 10. c3 e5 11. dxe5 Nxe5 12. Nxe5 Qxe5 13. Be3 Be6 14. Qd4 Nd5 15. Qxe5 Bxe5 16. Bh6 Rfe8 17. Ne4 Bf5 18. Bf3 Bf4 19. Nf6+ Nxf6 20. Bxf4 Be4 21. Bg5 Nd5 22. Bxe4 Rxe4 23. Rfe1 Rae8 24. Kf1 Kg7 25. Rxe4 Rxe4 26. Re1 Ra4 27. a3 f6 28. Bc1 Kf7 29. b3 Ra6 30. c4 Ne7 31. Ke2 c5 32. Kd3 Nf5 33. b4 cxb4 34. axb4 Ra2 35. Re2 Ra1 36. Bb2 Rg1 37. g3 Rh1 38. h4 h5 39. c5 Rd1+ 40. Kc4 a6 41. b5 axb5+ 42. Kxb5 Ne7 43. Kb6 Rd7 44. Rc2 Nd5+ 45. Kb5 Ke8 46. Re2+ Kd8 47. c6 bxc6+ 48. Kxc6 Ne7+ 49. Kc5 Rd5+ 50. Kc4 Rf5 51. Bd4 Kd7 52. f4 Nc6 53. Bc5 Na5+ 54. Kb4 Nc6+ 55. Kc4 g5 56. hxg5 fxg5 57. fxg5 Rxg5 58. Bf2 Ne5+ 59. Kc3 Ng4 60. Be1 Kd6 61. Bd2 Rd5 62. Bf4+ Kc5 63. Re8 Nf6 64. Re5 Rxe5 65. Bxe5 Ne4+ 66. Kd3 Nxg3 1/2-1/2

[Event "HUN-chT2 Toth 2223"]
[Site "Hungary"]
[Date "2023.04.23"]
[Round "11.3"]
[White "Karsai, Istvan"]
[Black "Farkas, Istvan"]
[Result "0-1"]
[WhiteElo "1981"]
[BlackElo "2056"]
[PlyCount "74"]
[EventDate "2022.10.16"]
[EventType "team-tourn"]
[EventRounds "11"]
[EventCountry "HUN"]
[SourceTitle "EXT 2025"]
[Source "ChessBase"]
[SourceDate "2024.10.14"]
[SourceVersion "1"]
[SourceVersionDate "2024.10.14"]
[SourceQuality "1"]
[WhiteTeam "Felegyhaza Csongrad"]
[BlackTeam "Kumania Kisujszallas"]
[WhiteTeamCountry "HUN"]
[BlackTeamCountry "HUN"]

1. e4 e5 2. Nf3 Nf6 3. Nxe5 Nc6 4. d4 Nxe5 5. dxe5 Nxe4 6. Be3 d6 7. Bd3 Nc5 8. Bxc5 dxc5 9. Bb5+ c6 10. Qxd8+ Kxd8 11. Bc4 Ke7 12. a4 g5 13. 0-0 Bg7 14. Re1 Bf5 15. c3 Rad8 16. f3 h5 17. a5 h4 18. Na3 Rd2 19. Re2 Rxe2 20. Bxe2 Bxe5 21. Nc4 Bc7 22. Ne3 Be6 23. a6 b5 24. c4 b4 25. Rd1 Rd8 26. Rxd8 Bxd8 27. b3 Kf6 28. g4 hxg3 29. hxg3 Ke5 30. Kf2 Kd4 31. f4 gxf4 32. gxf4 Kc3 33. f5 Bc8 34. Bd1 Bxa6 35. Ng4 Bc8 36. Ne5 Bxf5 37. Nxc6 Bb6 0-1

[Event "HUN-chT2 Toth 2223"]
[Site "Hungary"]
[Date "2023.02.12"]
[Round "7.5"]
[White "Bogdany, Gabor"]
[Black "Karsai, Istvan"]
[Result "1/2-1/2"]
[WhiteElo "1992"]
[BlackElo "1982"]
[PlyCount "159"]
[EventDate "2022.10.16"]
[EventType "team-tourn"]
[EventRounds "11"]
[EventCountry "HUN"]
[SourceTitle "EXT 2025"]
[Source "ChessBase"]
[SourceDate "2024.10.14"]
[SourceVersion "1"]
[SourceVersionDate "2024.10.14"]
[SourceQuality "1"]
[WhiteTeam "Oroshaza SE"]
[BlackTeam "Felegyhaza Csongrad"]
[WhiteTeamCountry "HUN"]
[BlackTeamCountry "HUN"]

1. e4 e6 2. d4 d5 3. Nc3 Bb4 4. e5 Ne7 5. Qg4 c5 6. a3 Bxc3+ 7. bxc3 Qc7 8. Bd2 cxd4 9. cxd4 Qxc2 10. Qxg7 Rg8 11. Qf6 Nbc6 12. Ne2 Bd7 13. f3 Qg6 14. Qxg6 fxg6 15. Kf2 Nf5 16. Bc3 h5 17. h4 0-0-0 18. g3 Rdf8 19. Bh3 Rf7 20. Rad1 g5 21. hxg5 Rxg5 22. Bd2 Rg8 23. Bxf5 Rxf5 24. Rb1 Be8 25. Be3 Na5 26. Nf4 Bf7 27. Nd3 Nc4 28. Bf4 b6 29. Rh4 Bg6 30. Nb4 Kd7 31. a4 a5 32. Na2 Rc8 33. Rc1 Nb2 34. Rxc8 Kxc8 35. Nc3 Kd7 36. Ke2 Rf8 37. Bc1 Nd3 38. Ba3 Rc8 39. Kd2 Nb4 40. Rf4 Rg8 41. Rf6 Be8 42. Ne2 Nc6 43. Rh6 Rg7 44. Kc3 Nd8 45. Bc1 Kc8 46. Kb3 Kc7 47. Bf4 Kd7 48. Nc3 Ke7 49. Nb5 Nc6 50. Kc3 Nb4 51. Nc7 Bxa4 52. Nxe6 Rf7 53. Bg5+ Kd7 54. Nc5+ Kc7 55. Nxa4 Rxf3+ 56. Kb2 b5 57. Rh7+ Kc6 58. Nc5 a4 59. Rh6+ Kc7 60. Na6+ Nxa6 61. Rxa6 Rxg3 62. Be7 Kd7 63. Bc5 Re3 64. Rh6 b4 65. Rxh5 Re2+ 66. Kc1 b3 67. Rh7+ Kc6 68. Rh6+ Kb5 69. Ba3 Kc4 70. e6 Kxd4 71. e7 Kc3 72. Rh3+ Kc4 73. Rh4+ d4 74. Rh8 Re1+ 75. Kd2 b2 76. Bxb2 Rxe7 77. Rd8 Re4 78. Rxd4+ Rxd4+ 79. Bxd4 Kxd4 80. Kc2 1/2-1/2

[Event "HUN-chT2 Toth 2122"]
[Site "Hungary"]
[Date "2021.12.19"]
[Round "4.6"]
[White "Fabian Nagy, Sandor"]
[Black "Karsai, Istvan"]
[Result "1-0"]
[WhiteElo "2015"]
[BlackElo "2014"]
[PlyCount "25"]
[EventDate "2021.10.10"]
[EventType "team-tourn"]
[EventRounds "9"]
[EventCountry "HUN"]
[SourceTitle "EXT 2025"]
[Source "ChessBase"]
[SourceDate "2024.10.14"]
[SourceVersion "1"]
[SourceVersionDate "2024.10.14"]
[SourceQuality "1"]
[WhiteTeam "Szentes Integral"]
[BlackTeam "Felegyhaza Csongrad"]
[WhiteTeamCountry "HUN"]
[BlackTeamCountry "HUN"]

1. e4 e6 2. d4 d5 3. e5 c5 4. c3 Nc6 5. Nf3 Qb6 6. a3 c4 7. Nbd2 Na5 8. Be2 Bd7 9. 0-0 Nb3 10. Nxb3 Ba4 11. Be3 Qxb3 12. Qd2 Qc2 13. Bd1 1-0

[Event "HUN-chT2 Toth 2122"]
[Site "Hungary"]
[Date "2021.10.10"]
[Round "1.4"]
[White "Karsai, Istvan"]
[Black "Martonosi, Adam"]
[Result "1-0"]
[WhiteElo "2011"]
[BlackElo "1925"]
[PlyCount "75"]
[EventDate "2021.10.10"]
[EventType "team-tourn"]
[EventRounds "9"]
[EventCountry "HUN"]
[SourceTitle "EXT 2025"]
[Source "ChessBase"]
[SourceDate "2024.10.14"]
[SourceVersion "1"]
[SourceVersionDate "2024.10.14"]
[SourceQuality "1"]
[WhiteTeam "Felegyhaza Csongrad"]
[BlackTeam "Mako Duocor II"]
[WhiteTeamCountry "HUN"]
[BlackTeamCountry "HUN"]

1. d4 g6 2. e4 Bg7 3. Nc3 c5 4. Nf3 cxd4 5. Nxd4 Nc6 6. Be3 Nf6 7. Bc4 d6 8. f3 Qb6 9. Bb5 Nd7 10. Nd5 Qa5+ 11. c3 e6 12. b4 Qd8 13. Nxc6 bxc6 14. Bxc6 exd5 15. Bd4 0-0 16. Bxg7 Kxg7 17. Qd4+ Kg8 18. Bxa8 dxe4 19. Bxe4 Ne5 20. 0-0 Re8 21. Bd5 Bf5 22. Rad1 Qc8 23. a4 Qa6 24. b5 Qa5 25. Qb4 Qb6+ 26. Qd4 Qa5 27. Rfe1 Bc2 28. Rc1 Qd8 29. Re3 Bf5 30. Rce1 Be6 31. f4 Ng4 32. Rxe6 fxe6 33. Bxe6+ Rxe6 34. Rxe6 Qh4 35. h3 Nh6 36. Qxd6 Nf5 37. Re8+ Kg7 38. Qf8# 1-0

[Event "HUN-chT2 Toth 1718"]
[Site "Hungary"]
[Date "2018.03.25"]
[Round "10.2"]
[White "Egyed, Judit"]
[Black "Karsai, Istvan"]
[Result "1/2-1/2"]
[WhiteElo "2073"]
[BlackElo "2066"]
[PlyCount "162"]
[EventDate "2017.09.24"]
[EventType "team-tourn"]
[EventRounds "11"]
[EventCountry "HUN"]
[SourceTitle "EXT 2021"]
[Source "ChessBase"]
[SourceDate "2020.10.23"]
[SourceVersion "1"]
[SourceVersionDate "2020.10.23"]
[SourceQuality "1"]
[WhiteTeam "Karcag"]
[BlackTeam "Felegyhaza Csongrad"]
[WhiteTeamCountry "HUN"]
[BlackTeamCountry "HUN"]

1. e4 e6 2. e5 d6 3. exd6 cxd6 4. Nf3 Nf6 5. d4 Be7 6. Bd3 0-0 7. 0-0 Nbd7 8. c3 Re8 9. Qc2 Nf8 10. Nbd2 Bd7 11. Re1 Rc8 12. Ng5 g6 13. Nde4 Nxe4 14. Nxe4 f5 15. Ng3 Bf6 16. Bh6 Bxd4 17. Qb3 Be5 18. Qxb7 Rb8 19. Qxa7 Rxb2 20. Rab1 Bxc3 21. Rxb2 Bxb2 22. Bxf8 Rxf8 23. Rb1 Qc8 24. Rxb2 Qc1+ 25. Nf1 Qxb2 26. Qxd7 Qxa2 27. Qxd6 Qd5 28. Qxd5 exd5 29. Ne3 d4 30. Nc2 Ra8 31. f4 Kf7 32. Kf2 Ke6 33. Bc4+ Ke7 34. Ke2 Kf6 35. Kd3 h6 36. Nxd4 g5 37. g3 gxf4 38. gxf4 Ra1 39. Be6 Ra3+ 40. Bb3 Ra1 41. Ke3 Rc1 42. Bc2 Rh1 43. Nf3 Ra1 44. Bd3 Ra2 45. h4 Rg2 46. Bb5 Rb2 47. Be2 Rb4 48. Nd4 Ra4 49. Bd3 Ra1 50. Nxf5 Rh1 51. Ke4 Rh2 52. Bb5 Rb2 53. Nd4 Rh2 54. Nf3 Rb2 55. Bd3 Rg2 56. Ke3 Ra2 57. f5 Ra3 58. Nh2 h5 59. Nf3 Ra4 60. Be4 Ra1 61. Kf4 Rf1 62. Bd5 Rf2 63. Be6 Rf1 64. Kg3 Ra1 65. Nd2 Ke5 66. Nf3+ Kf6 67. Bd7 Rd1 68. Ba4 Rc1 69. Bd7 Rd1 70. Be6 Ra1 71. Nd2 Ke5 72. Nc4+ Kf6 73. Ne3 Ke5 74. Nc4+ Kf6 75. Ne3 Ke5 76. Kf2 Ra4 77. Nc4+ Rxc4 78. Bxc4 Kxf5 79. Kg3 Kf6 80. Kf4 Kg7 81. Kg5 Kh8 1/2-1/2

[Event "HUN-chT2 Toth 1516"]
[Site "Hungary"]
[Date "2016.03.20"]
[Round "9.2"]
[White "Horvath, Jozsef"]
[Black "Karsai, Istvan"]
[Result "1/2-1/2"]
[WhiteElo "2080"]
[BlackElo "2070"]
[PlyCount "20"]
[EventDate "2015.09.13"]
[EventType "team-tourn"]
[EventRounds "11"]
[EventCountry "HUN"]
[SourceTitle "EXT 2017"]
[Source "ChessBase"]
[SourceDate "2016.10.25"]
[SourceVersion "1"]
[SourceVersionDate "2016.10.25"]
[SourceQuality "1"]
[WhiteTeam "Takisz"]
[BlackTeam "Felegyhaza Csongrad"]
[WhiteTeamCountry "HUN"]
[BlackTeamCountry "HUN"]

1. c4 f5 2. Nc3 Nf6 3. d3 e5 4. g3 Bb4 5. Bd2 0-0 6. a3 Bxc3 7. Bxc3 d6 8. e3 f4 9. Qd2 fxe3 10. fxe3 Bg4 1/2-1/2

[Event "HUN-chT2 Toth 1415"]
[Site "Hungary"]
[Date "2014.11.16"]
[Round "4.3"]
[White "Zalai, Mihaly"]
[Black "Karsai, Istvan"]
[Result "1/2-1/2"]
[WhiteElo "2168"]
[BlackElo "2040"]
[PlyCount "42"]
[EventDate "2014.09.07"]
[EventType "team-tourn"]
[EventRounds "11"]
[EventCountry "HUN"]
[SourceTitle "EXT 2016"]
[Source "ChessBase"]
[SourceDate "2015.10.08"]
[SourceVersion "1"]
[SourceVersionDate "2015.10.08"]
[SourceQuality "1"]
[WhiteTeam "Oroshaza"]
[BlackTeam "Felegyhaza Csongrad"]
[WhiteTeamCountry "HUN"]
[BlackTeamCountry "HUN"]

1. d4 Nf6 2. c4 g6 3. f3 c5 4. d5 d6 5. Nc3 Bg7 6. e4 Na6 7. Bg5 h6 8. Be3 Nc7 9. Qd2 a6 10. a4 b6 11. Bd3 Rb8 12. Nge2 Bd7 13. 0-0 b5 14. axb5 axb5 15. cxb5 Nxb5 16. Ra6 Nc7 17. Ra5 h5 18. Rfa1 0-0 19. h3 Qc8 20. Kh2 Rb4 21. Na2 Rb7 1/2-1/2

[Event "HUN-chT2 Toth 1415"]
[Site "Hungary"]
[Date "2014.10.12"]
[Round "3.3"]
[White "Karsai, Istvan"]
[Black "Vilagos, Nandor"]
[Result "1/2-1/2"]
[WhiteElo "2040"]
[BlackElo "2090"]
[PlyCount "27"]
[EventDate "2014.09.07"]
[EventType "team-tourn"]
[EventRounds "11"]
[EventCountry "HUN"]
[SourceTitle "EXT 2016"]
[Source "ChessBase"]
[SourceDate "2015.10.08"]
[SourceVersion "1"]
[SourceVersionDate "2015.10.08"]
[SourceQuality "1"]
[WhiteTeam "Felegyhaza Csongrad"]
[BlackTeam "Szentes"]
[WhiteTeamCountry "HUN"]
[BlackTeamCountry "HUN"]

1. e4 c5 2. Nf3 e6 3. d4 cxd4 4. Nxd4 Bc5 5. Nb3 Bb6 6. Bd3 Ne7 7. Nc3 Nbc6 8. Qe2 0-0 9. Be3 f5 10. f4 fxe4 11. Bxe4 Nf5 12. Bxf5 Rxf5 13. 0-0-0 Bxe3+ 14. Qxe3 1/2-1/2

[Event "HUN-chT2 Toth 1213"]
[Site "Hungary"]
[Date "2013.02.17"]
[Round "7.3"]
[White "Molnar, Laszlo"]
[Black "Karsai, Istvan"]
[Result "1/2-1/2"]
[WhiteElo "2198"]
[BlackElo "2113"]
[PlyCount "39"]
[EventDate "2012.09.16"]
[EventType "team-tourn"]
[EventRounds "11"]
[EventCountry "HUN"]
[SourceTitle "EXT 2014"]
[Source "ChessBase"]
[SourceDate "2013.11.20"]
[SourceVersion "1"]
[SourceVersionDate "2013.11.20"]
[SourceQuality "1"]
[WhiteTeam "Ujszasz"]
[BlackTeam "Felegyhaza Csongrad"]
[WhiteTeamCountry "HUN"]
[BlackTeamCountry "HUN"]

1. d4 Nf6 2. Nf3 d5 3. c4 e6 4. Nc3 Be7 5. Bg5 h6 6. Bh4 0-0 7. e3 b6 8. cxd5 Nxd5 9. Bxe7 Qxe7 10. Nxd5 exd5 11. Be2 Qb4+ 12. Qd2 a5 13. 0-0 Ba6 14. Qc2 Bxe2 15. Qxe2 Nd7 16. Rac1 c5 17. dxc5 bxc5 18. Rfd1 Nf6 19. Rc2 Rfe8 20. Qd2 1/2-1/2

[Event "HUN-chT2 Toth 1011"]
[Site "Hungary"]
[Date "2011.03.27"]
[Round "7.1"]
[White "Restas, Peter"]
[Black "Karsai, Istvan"]
[Result "1-0"]
[WhiteElo "2275"]
[BlackElo "2141"]
[PlyCount "123"]
[EventDate "2010.09.12"]
[EventType "team-tourn"]
[EventRounds "11"]
[EventCountry "HUN"]
[SourceTitle "EXT 2012"]
[Source "ChessBase"]
[SourceDate "2011.11.24"]
[SourceVersion "1"]
[SourceVersionDate "2011.11.24"]
[SourceQuality "1"]
[WhiteTeam "Mako"]
[BlackTeam "Csongrad Felegyhaza"]
[WhiteTeamCountry "HUN"]
[BlackTeamCountry "HUN"]

1. d4 Nf6 2. g3 c5 3. d5 e6 4. c4 exd5 5. cxd5 d6 6. Nc3 g6 7. Bg2 Bg7 8. Nf3 0-0 9. 0-0 Re8 10. Nd2 a6 11. a4 Nbd7 12. h3 Rb8 13. Nc4 Nb6 14. Na3 Bd7 15. Bf4 Qe7 16. Re1 Nh5 17. Bd2 Nxa4 18. Nxa4 b5 19. Nc3 b4 20. Nc4 bxc3 21. Bxc3 Bb5 22. Na5 Qf8 23. Qd2 Bh6 24. e3 f5 25. b4 cxb4 26. Bxb4 Nf6 27. Nc6 Rb7 28. Rac1 Rc8 29. Nd4 Rxc1 30. Rxc1 Qb8 31. Ne6 Ne8 32. Bc3 Bg7 33. Nxg7 Nxg7 34. Qd4 Rf7 35. Ba1 Qd8 36. h4 Qf8 37. Bf1 Re7 38. Bxb5 axb5 39. Rc6 Re4 40. Qb2 Ra4 41. Kh2 Ra7 42. Qc3 b4 43. Qd4 Rb7 44. Bb2 h6 45. Qf4 Ne8 46. Rc8 Rc7 47. Rb8 Kh7 48. Qxb4 g5 49. Qa4 Re7 50. hxg5 hxg5 51. Kg2 Qf7 52. Qd1 Kg6 53. Rb6 Rb7 54. Rxb7 Qxb7 55. Qd4 Qh7 56. e4 f4 57. e5 f3+ 58. Kxf3 Qh5+ 59. Kg2 g4 60. exd6 Qf5 61. Qe5 Qf3+ 62. Kg1 1-0

[Event "HUN-chT2 Toth 1011"]
[Site "Hungary"]
[Date "2010.11.21"]
[Round "6.1"]
[White "Karsai, Istvan"]
[Black "Balla, Tamas Kristof"]
[Result "1/2-1/2"]
[WhiteElo "2141"]
[BlackElo "2375"]
[PlyCount "110"]
[EventDate "2010.09.12"]
[EventType "team-tourn"]
[EventRounds "11"]
[EventCountry "HUN"]
[SourceTitle "EXT 2012"]
[Source "ChessBase"]
[SourceDate "2011.11.24"]
[SourceVersion "1"]
[SourceVersionDate "2011.11.24"]
[SourceQuality "1"]
[WhiteTeam "Csongrad Felegyhaza"]
[BlackTeam "Gyula"]
[WhiteTeamCountry "HUN"]
[BlackTeamCountry "HUN"]

1. e4 c5 2. Nc3 Nc6 3. g3 g6 4. Bg2 Bg7 5. d3 d6 6. Be3 Nd4 7. Qd2 Qa5 8. f4 e6 9. Nf3 Ne7 10. 0-0 Nec6 11. a3 0-0 12. Kh1 Rb8 13. g4 f5 14. exf5 exf5 15. g5 Be6 16. Ne1 Bf7 17. Rd1 Rfe8 18. Qf2 Nb5 19. Nxb5 Qxb5 20. c3 Rxe3 21. Qxe3 Qxb2 22. d4 Re8 23. Qc1 Qxc1 24. Rxc1 cxd4 25. cxd4 Bxd4 26. Nd3 a5 27. Rfe1 Rxe1+ 28. Rxe1 Bc4 29. Rd1 Kf8 30. h4 Nd8 31. Kh2 b5 32. Kg3 Ne6 33. Bc6 Ke7 34. h5 gxh5 35. Bf3 Nc5 36. Re1+ Kd7 37. Nxc5+ dxc5 38. Bxh5 b4 39. axb4 axb4 40. Be8+ Kd6 41. Rh1 Bg8 42. Rh6+ Ke7 43. Ba4 c4 44. Bc2 b3 45. Bxf5 c3 46. Rh2 Kf8 47. Bb1 Bg1 48. Re2 Bc4 49. Re1 Bd4 50. Rc1 Kg7 51. Kf3 b2 52. Rc2 Bd5+ 53. Ke2 Bc4+ 54. Kf3 Bd5+ 55. Ke2 Bc4+ 1/2-1/2

[Event "HUN-chT2 Toth 1011"]
[Site "Hungary"]
[Date "2010.09.12"]
[Round "1.1"]
[White "Karsai, Istvan"]
[Black "Szajbely, Zsigmond"]
[Result "1/2-1/2"]
[WhiteElo "2141"]
[BlackElo "2059"]
[PlyCount "61"]
[EventDate "2010.09.12"]
[EventType "team-tourn"]
[EventRounds "11"]
[EventCountry "HUN"]
[SourceTitle "EXT 2012"]
[Source "ChessBase"]
[SourceDate "2011.11.24"]
[SourceVersion "1"]
[SourceVersionDate "2011.11.24"]
[SourceQuality "1"]
[WhiteTeam "Csongrad Felegyhaza"]
[BlackTeam "Maroczy II"]
[WhiteTeamCountry "HUN"]
[BlackTeamCountry "HUN"]

1. e4 c5 2. Nc3 Nc6 3. g3 g6 4. Bg2 Bg7 5. d3 d6 6. Be3 e6 7. Qd2 Rb8 8. Nge2 Nd4 9. 0-0 b5 10. Nc1 Ne7 11. Nd1 e5 12. c3 Ne6 13. Bh6 0-0 14. Bxg7 Kxg7 15. Ne3 Bb7 16. Ne2 d5 17. Ng4 f6 18. Qh6+ Kh8 19. f4 Ng8 20. Qh4 exf4 21. gxf4 dxe4 22. dxe4 f5 23. Qxd8 Rfxd8 24. exf5 Bxg2 25. Kxg2 gxf5 26. Ne3 Rd2 27. Kf3 Nh6 28. Rfd1 Rbd8 29. Rxd2 Rxd2 30. Rd1 Rxd1 31. Nxd1 1/2-1/2